000 00414nam a2200169Ia 4500
008 230725s1991 xx 000 0 und d
041 _aeng
082 _a615.4
245 _aREGULATION OF PHARMACEUTICALS IN DEVELOPING CONTRIES
260 _aDELHI
_bC.B.S. PUBLISHERS & DISTRUTORS
_c1991
300 _a118
365 _h15%
500 _aREFERENCE
501 _aREF
520 _aPB
650 _aREFERENCE
999 _c767136
_d767136